000 00519nam a2200181Ia 4500
008 100920s9999 xx 000 0 und d
082 _b51304
_a24 थ 85
100 _aशिरोडकर रजनी.
245 _aउद्रेक.
260 _bप्रिया प्रकाशन,मुंबई 4.
_c1985
300 _a224
_bसाधी
365 _b60
520 _aसायो.
630 _aउद्रेक.
650 _aसायो.
730 _aउद्रेक.
942 _cBOOK
999 _c697164
_d697161